000
00266nam a22001097a 4500
082
_a
823
_b
RAZ/E
100
_a
RAZZ, GENE
245
_a
EEYORE HAS ENOUGH
_b
MY VERY FIRST WINNIE THE POOH
260
_a
NEW YORK
_b
GROLIER
650
_a
ENGLISH STORY
_z
NEW YORK
942
_c
BK
999
_c
2657
_d
2657